Statistics for Busiest railway stations in Europe

Click here to take the quiz!

General Stats

  • This quiz has been taken 606 times
  • The average score is 14 of 25

Answer Stats

CountryPassengers per yearStation% Correct
Italy150MRoma Termini
89%
Germany150.7MMünchen Hbf
88%
Germany179.9MFrankfurt (Main) Hbf
86%
Germany196MHamburg Hbf
85%
Italy120MMilano Centrale
85%
Netherlands72.8MAmsterdam Centraal
84%
Spain116.6MMadrid Atocha
81%
Switzerland154.6MZürich HB
81%
Germany116.1MKöln Hbf
76%
Russia78.6MMoscow Yaroslavsky
76%
Finland73.2MHelsingin Päärautatieasema
74%
Germany93.1MStuttgart Hbf
68%
France292.2MGare du Nord (Paris)
65%
Germany89.8MDüsseldorf Hbf
63%
Germany95.3MHannover Hbf
48%
Germany120.1MBerlin Hbf
46%
United Kingdom94.2MLondon Waterloo
41%
Netherlands75.7MUtrecht Centraal
38%
Germany76.7MNürnberg Hbf
35%
France150.2MGare de Lyon (Paris)
33%
United Kingdom74.7MLondon Victoria
33%
France107.3MGare Saint-Lazare (Paris)
12%
Germany91.3MBerlin Ostkreuz
7%
Germany74.1MBerlin Gesundbrunnen
6%
Germany95.6MBerlin Friedrichstraße
5%

Score Distribution

Percentile by Number Answered

Percent of People with Each Score

Your Score History

You have not taken this quiz